| 000 | 00637nam a2200157 a 4500 | ||
|---|---|---|---|
| 008 | 120416s0000 xx |||||||||||||| || u | ||
| 020 | _a0521484618 | ||
| 050 | _aHB 145 Med | ||
| 100 | _aMedio, Alfredo | ||
| 245 | 1 | 0 | _aChaotic dynamics |
| 246 | _atheory and applications to economics | ||
| 260 | _c1992 | ||
| 350 | _a0.00 | ||
| 995 |
_aANNEX COLLECTION (Main Library) _D0.00 _e728218 _FCBU-MAIN LIBRARY (Kitwe) _H1 _I35.00 _jHB 145 Med _UAVAILABLE _y026330 _ZAnnex Low-Usage Collection |
||
| 995 |
_aANNEX COLLECTION (Main Library) _D0.00 _e728219 _FCBU-MAIN LIBRARY (Kitwe) _H2 _I35.00 _jHB 145 Med _UAVAILABLE _y026333 _ZAnnex Low-Usage Collection |
||
| 999 |
_c78155 _d78155 |
||